[Event "FIDE Candidates 2020"]
[Site "Yekaterinburg"]
[Date "2021.04.24"]
[Round "12.3"]
[White "Vachier-Lagrave, Maxime"]
[Black "Alekseenko, Kirill"]
[Result "1-0"]
[WhiteElo "2758"]
[BlackElo "2696"]
[Annotator "TA"]
[PlyCount "80"]
[EventDate "2020.03.17"]
[EventType "tourn"]
[EventCountry "RUS"]
[SourceTitle "playchess.com"]
[Source "ChessBase"]
[SourceQuality "1"]

{[%evp 9,80,14,33,30,36,25,58,41,92,90,89,94,119,106,101,111,93,87,104,90,87,103,95,77,87,84,93,103,111,129,132,117,139,97,97,101,92,96,105,106,99,106,107,106,106,102,97,105,124,128,123,125,185,187,312,300,275,145,155,155,374,415,435,434,434,433,426,262,441,426,441,405,281]} 1. e4 c6 2. d4 d5 3. f3 dxe4 4. fxe4 e5 5. Nf3 Bg4 6. c3 {B12: Caro-Kann: Advance Variation.} Nf6 7. Bc4 {[#] Hoping for Bxf7+!} Qc7 $146 ({But not} 7... Nxe4 $2 8. Bxf7+ $1 {[%mdl 512]} Ke7 9. Qb3 $18) ({Predecessor:} 7... Bxf3 8. Qxf3 Nbd7 9. O-O Bd6 10. Nd2 O-O 11. Kh1 b5 12. Be2 Qe7 13. Bd3 a6 {1-0 (32) Tadic,S (2267)-Tonic,M (2111) Bajina Basta 2019}) 8. dxe5 {White is slightly better.} Bxf3 (8... Nxe4 $14 9. b4 Nd7) 9. Qxf3 $16 ({Much worse is} 9. gxf3 $6 Qxe5 10. Be3 Nbd7 $11) 9... Qxe5 10. Bf4 Qh5 11. Nd2 Nbd7 12. O-O-O Nb6 13. Bb3 Be7 14. Rhg1 {Strongly threatening g4.} Qxf3 15. gxf3 g6 16. Nc4 Nxc4 17. Bxc4 b5 18. Bb3 Nd7 {[#]} 19. Bxf7+ $1 {[%mdl 576] Deflection} Kxf7 20. Rxd7 Ke6 21. Rc7 Rhc8 22. Rxc8 Rxc8 {[%mdl 4096] Endgame KRB-KRB} 23. Be3 a5 24. Kd2 a4 25. f4 Rd8+ 26. Ke2 Rf8 27. Kf3 Rd8 28. Rc1 c5 29. c4 b4 30. Ke2 Rd7 {[#]} (30... Bf6 $16 {was necessary.}) 31. Rd1 $1 $18 {aiming for f5+!} Rxd1 (31... Rb7 $142 32. Rd5 b3) 32. Kxd1 {KB-KB} Bf8 {[#]} 33. Kc2 {[%cal Rc2d3]} Be7 34. b3 a3 {This costs Black the game.} (34... axb3+ $16 35. axb3 h6 36. f5+ {[%mdl 64] Discovered Attack} Kf6 37. Bxh6 gxf5) 35. Kd3 Bf8 36. Bf2 Be7 37. Ke3 Bd8 38. Kf3 Be7 39. Kg4 h5+ 40. Kg3 Bf8 {Weighted Error Value: White=0.09/Black=0.18} 1-0

[Event "FIDE Candidates 2020"]
[Site "Yekaterinburg"]
[Date "2021.04.24"]
[Round "12.4"]
[White "Wang, Hao"]
[Black "Nepomniachtchi, Ian"]
[Result "0-1"]
[WhiteElo "2763"]
[BlackElo "2789"]
[Annotator "TA"]
[PlyCount "118"]
[EventDate "2020.03.17"]
[EventType "tourn"]
[EventCountry "RUS"]
[SourceTitle "playchess.com"]
[Source "ChessBase"]
[SourceQuality "1"]

{[%evp 17,118,24,25,17,16,17,16,13,21,25,15,17,26,9,10,18,31,30,28,28,31,29,22,0,0,0,2,0,0,0,2,4,6,0,0,-14,0,0,0,0,0,0,0,0,0,-8,-4,-4,-5,-8,-9,-21,-22,-24,-10,-15,-10,-12,-16,-14,-22,-100,-100,-102,-84,-84,-84,-85,-87,-121,-86,-99,-67,-70,-38,-21,-16,-95,-95,-106,-106,-102,-67,-73,-79,-74,-89,-82,-81,-116,-57,-141,-141,-135,-140,-139,-130,-141,-135,-134,-137,-157,-150]} 1. e4 e5 2. Nf3 Nf6 3. Nxe5 d6 4. Nf3 Nxe4 5. d3 Nf6 6. d4 d5 7. Bd3 Bd6 8. Qe2+ Qe7 9. Qxe7+ Kxe7 10. O-O {C01: French: Exchange Variation.} Nc6 {[#]} 11. c3 $146 ({Predecessor:} 11. Re1+ Kf8 12. c3 h6 13. Ne5 Ne7 14. Nd2 Bf5 15. Bf1 Rd8 16. g3 c6 17. a4 Ne8 {1-0 (44) Vachier Lagrave,M (2784)-Duda,J (2743) chess24.com INT 2020}) 11... h6 12. Nh4 {The position is equal.} Re8 13. Nf5+ Bxf5 14. Bxf5 Kf8 15. g3 Ne7 {[%cal Bc6e7,Be7c8,Bc8b6,Bb6d7,Bd7f8,Bf8e6][%mdl 32]} 16. Bh3 Nc8 17. Nd2 a5 18. a4 c6 19. Rd1 h5 20. Nf1 g6 21. f3 Nb6 22. b3 Kg7 23. Kf2 Nbd7 24. Bg5 Nf8 25. Re1 Ne6 26. Be3 Rac8 27. Bd2 c5 28. dxc5 Bxc5+ 29. Kg2 Bb6 30. Rab1 Rc6 31. b4 Nc7 32. Rxe8 Ncxe8 33. bxa5 Bxa5 34. Rxb7 Nd6 35. Ra7 Bxc3 36. Bd7 Nxd7 37. Bxc3+ Rxc3 38. Rxd7 $11 {[%mdl 4096] Endgame KRN-KRN} Rc6 39. Re7 (39. Nd2 $11) 39... Rc2+ $17 40. Kg1 d4 41. Rd7 Nf5 42. a5 Ra2 43. Ra7 Kf6 44. a6 h4 {...h3 is the strong threat.} 45. Ra8 h3 {White must now prevent ...Rg2+.} 46. a7 Ke7 47. g4 (47. Nd2 $1 $11 {keeps the balance.}) 47... Nd6 48. Rb8 Rxa7 49. Rb4 d3 50. Rb3 Ra2 51. Rxd3 Nc4 52. Ng3 Rg2+ 53. Kh1 Kf8 (53... g5 $1 $17 54. Rd1 Nd2 55. Re1+ Kd7) 54. Rc3 ({White should try} 54. g5 $15) 54... Nb2 $1 {[%cal Rb2d1] ( -> ...Nd1)} 55. Rc8+ {[#]} Kg7 $1 56. Rd8 {[#]} Rf2 $1 57. Kg1 Rxf3 {Black is clearly better.} 58. Ne4 Re3 59. Ng3 Ra3 {Weighted Error Value: White=0.10/Black=0.05} 0-1

[Event "FIDE Candidates 2020"]
[Site "Yekaterinburg"]
[Date "2021.04.26"]
[Round "13.1"]
[White "Wang, Hao"]
[Black "Caruana, Fabiano"]
[Result "0-1"]
[WhiteElo "2763"]
[BlackElo "2820"]
[Annotator "TA"]
[PlyCount "84"]
[EventDate "2020.03.17"]
[EventType "tourn"]
[EventCountry "RUS"]
[SourceTitle "playchess.com"]
[Source "ChessBase"]
[SourceQuality "1"]

{[%evp 13,84,8,20,10,0,0,8,2,3,0,0,0,11,0,0,0,0,0,0,0,0,0,0,0,0,0,8,0,3,0,19,16,19,0,0,-6,0,0,21,0,10,7,4,-12,-12,-12,-13,-42,-10,-12,0,0,0,-23,-21,-33,-31,-38,-40,-54,-54,-61,-62,-86,-89,-62,-62,-209,-205,-200,-206,-261,-259]} 1. e4 c5 2. Nf3 e6 3. c3 Nf6 4. e5 Nd5 5. d4 cxd4 6. cxd4 d6 7. Bc4 Be7 8. O-O {B22: Sicilian: 2 c3.} O-O 9. a3 Bd7 $5 {[%mdl 4] [#] Leaves trodden paths.} 10. Bxd5 $146 {The position is equal.} ({Predecessor:} 10. Qe2 Bc6 11. Bd2 Nd7 12. Nc3 dxe5 13. Bxd5 exd5 14. dxe5 Nc5 15. Be3 Ne4 16. Rac1 {1-0 (24) Kryvoruchko,Y (2628)-Pavlovic,M (2537) Kavala 2008}) 10... exd5 11. Nc3 Be6 12. Bf4 Nc6 13. exd6 Bxd6 14. Bxd6 Qxd6 15. Re1 Rac8 16. Qd3 f6 17. h3 Bf7 18. Rac1 Qd7 19. Nh2 Rfe8 20. Rxe8+ Rxe8 21. Nf1 g6 22. Ne3 Kg7 23. Na4 Qd6 24. Nc3 h5 25. Rd1 a6 26. Rc1 h4 27. Rd1 Na5 28. b4 Nc4 29. Nxc4 dxc4 30. Qd2 Bd5 31. b5 Bf7 (31... axb5 {feels hotter.} 32. Nxb5 Qd7 33. Nc3 g5 34. Rb1 Be4) 32. bxa6 bxa6 33. a4 g5 34. d5 Bg6 35. Re1 Qf4 36. Qd1 {[#]} Bc2 $1 37. Qa1 Re5 38. Rxe5 Qxe5 39. a5 Kg6 40. Kh1 (40. f3 $15) 40... Be4 $19 41. d6 {[#] Hoping for d7.} Bc6 42. Qb2 Qxd6 {Weighted Error Value: White=0.14/Black=0.03} 0-1

[Event "FIDE Candidates 2020"]
[Site "Yekaterinburg"]
[Date "2021.04.26"]
[Round "13.2"]
[White "Nepomniachtchi, Ian"]
[Black "Vachier-Lagrave, Maxime"]
[Result "1/2-1/2"]
[WhiteElo "2789"]
[BlackElo "2758"]
[Annotator "TA"]
[PlyCount "83"]
[EventDate "2020.03.17"]
[EventType "tourn"]
[EventCountry "RUS"]
[SourceTitle "playchess.com"]
[Source "ChessBase"]
[SourceQuality "1"]

{[%evp 9,83,18,33,20,35,27,23,24,33,20,49,29,41,39,65,55,78,54,83,60,57,29,71,65,69,56,68,75,78,85,78,54,78,29,49,11,24,13,44,48,54,47,56,55,67,32,41,32,68,68,68,67,67,67,67,68,70,68,70,68,68,68,68,68,68,63,60,56,71,71,69,68,65,0,68,0]} 1. Nf3 Nf6 2. c4 b6 3. g3 Bb7 4. Bg2 g6 5. d4 Bg7 6. d5 {A50: Queen's Fianchetto Defence (1 d4 Nf6 2 c4 b6).} Na6 7. Nc3 Nc5 8. O-O {White has an edge.} O-O 9. Qc2 a5 {[#]} 10. Rd1 $5 $146 {[%mdl 8] An interesting novelty.} ({Predecessor:} 10. e4 d6 11. Be3 e5 12. h3 c6 13. dxc6 Bxc6 14. Nd2 Qc7 15. Rfd1 Rfd8 16. Nb3 {1-0 (40) Banusz,T (2623)-Jimenez Garcia,E (2397) chess.com INT 2020}) 10... Ne8 11. Bf4 Nd6 12. b3 Re8 13. Be5 e6 14. Bxg7 Kxg7 15. Rab1 e5 16. Nd2 f5 17. a3 {[%cal Ba2a3,Ba3b4][%mdl 32]} Qf6 18. b4 axb4 19. axb4 Na6 20. e4 f4 21. Ne2 fxg3 22. fxg3 c5 23. bxc5 Nxc5 24. Rxb6 Qd8 25. Rdb1 Qc7 26. Nc3 Rf8 27. R6b2 Ba6 28. Nd1 Rab8 29. Rxb8 Rxb8 30. Rxb8 Qxb8 31. Qb2 Qxb2 32. Nxb2 Nc8 33. Kf2 Nb6 34. Bf1 d6 35. Ke3 Kf6 36. Be2 Ke7 37. Nb1 Bc8 38. Nc3 Bd7 39. Bd1 Be8 40. Bc2 Bd7 41. Bd1 Be8 $1 42. Bc2 {Weighted Error Value: White=0.09/Black=0.08} (42. g4 $14) 1/2-1/2

[Event "FIDE Candidates 2020"]
[Site "Yekaterinburg"]
[Date "2021.04.26"]
[Round "13.3"]
[White "Alekseenko, Kirill"]
[Black "Ding, Liren"]
[Result "0-1"]
[WhiteElo "2696"]
[BlackElo "2791"]
[Annotator "TA"]
[PlyCount "122"]
[EventDate "2020.03.17"]
[EventType "tourn"]
[EventCountry "RUS"]
[SourceTitle "playchess.com"]
[Source "ChessBase"]
[SourceQuality "1"]

{[%evp 14,122,16,13,12,0,0,0,5,0,2,15,0,0,0,-22,0,-9,0,0,-7,-10,0,-1,0,0,0,0,18,18,17,18,18,15,8,10,45,31,50,47,39,52,52,41,51,31,42,46,52,38,49,43,47,73,56,35,38,24,28,0,0,0,35,29,58,0,12,28,29,16,72,62,77,61,75,53,159,157,145,149,144,-128,-131,-129,-138,-138,-138,-138,-46,-139,-131,-472,-136,-686,-567,-643,-642,-379,-350,-581,-533,-5073,-5073,-4885,-4132,-1219,-2710,-1642,-1065,-1626,-1199]} 1. e4 e5 2. Nf3 Nc6 3. Bc4 Nf6 4. d3 Bc5 5. c3 d6 6. O-O O-O 7. h3 h6 8. Re1 a5 $1 {[%mdl 4] outshines the older 8...a6. C54: Giuoco Piano: 4 c3 Nf6, main lines with 5 d4 and 5 d3.} 9. b3 (9. Nbd2 Be6 10. Bb5 Qb8 11. Nf1 Qa7 12. d4 exd4 13. Bxc6 dxc3 14. Ba4 Bxf2+ 15. Kh2 Bxe1 16. Qxe1 d5 17. Be3 Qa6 18. e5 Ne4 19. bxc3 {½-½ (60) Alekseenko,K (2671)-Ding,L (2811) Khanty-Mansiysk 2019}) 9... Bb6 10. Nbd2 Be6 {The position is equal.} 11. Nf1 d5 12. exd5 Nxd5 {[#]} 13. Qc2 $146 ({Predecessor:} 13. Bd2 Qf6 14. N1h2 Rad8 15. Ng4 Bxg4 16. hxg4 e4 17. g5 hxg5 18. Bxg5 Nxc3 19. Bxf6 Nxd1 20. Raxd1 gxf6 21. Rxe4 Rfe8 22. Rg4+ Kf8 {½-½ (22) Wunderlich,H (2596)-Zidu,J (2594) GER email 2017}) 13... Qf6 14. Ng3 Qg6 {Strongly threatening ...Qxg3.} 15. Kh2 Rad8 16. Ba3 Rfe8 17. Nxe5 Nxe5 18. Rxe5 c6 19. Bxd5 Rxd5 20. Rxd5 Bxd5 21. c4 Be6 22. Re1 {[%cal Ba1e1,Be1e3,Be3f3][%mdl 32]} Rd8 23. Ne4 Bc7+ 24. Kh1 Qh5 {Hoping for ...Bxh3!} 25. Re3 Qe5 {[%csl Gc7][%cal Re5h2]} 26. Ng3 Qa1+ 27. Kh2 Qf6 28. Bb2 Qg6 29. Kh1 Bb6 30. Rf3 Bc7 $1 31. Bc3 b5 32. Qe2 bxc4 33. bxc4 a4 34. Qe3 Qg5 35. Qe1 Qg6 36. Qe3 Qg5 $1 37. Qe1 Qg6 $1 38. Qe2 a3 39. Bb4 (39. Kg1 $14) 39... Rb8 40. Qe1 Rd8 41. Qc3 h5 (41... Rb8 $11 {remains equal.}) 42. Bxa3 $16 h4 43. Ne2 Bf5 {[%cal Rf5d3]} 44. Nd4 Be4 45. dxe4 Qxe4 46. Rd3 {Threatens to win with Qd2.} Be5 {next ...Qf4 is good for Black.} 47. Bc5 $2 {[%mdl 8192]} (47. Bb2 $1 $16 {is forced if you want to stay better.}) 47... Rb8 $1 $17 {[%cal Rb8b1] ( -> ...Rb1+)} 48. Bb4 {[#]} ({Wrong is} 48. Rd1 $2 Rb1 $19) 48... Rxb4 $1 $40 {[%mdl 640] Black is out for blood.} 49. Qxb4 Qxd3 {[%cal Rd3f1]} 50. Nf3 Qf1+ {[%mdl 64] Double Attack} 51. Ng1 Bd4 $1 {[%cal Rd4f2]} ({Resist} 51... Qxf2 52. Qb1 $15) 52. Qb8+ Kh7 53. Qf4 {[%mdl 8192]} (53. Qc8 $17) 53... Bxf2 $19 {[%csl Gf2][%cal Rf1g1]} 54. Qf5+ Kh6 {[%csl Gf2][%cal Rf1g1]} 55. Qf4+ Kg6 $1 {[%csl Gf2][%cal Rf1g1]} 56. Qg4+ $2 {[#]} (56. Qe4+ {was the only chance.} Kf6 57. Qf3+ Ke5 58. Qe2+ Qxe2 59. Nxe2) 56... Kf6 $1 {[%csl Gf2][%cal Rf1g1] Black is clearly winning.} 57. Qf4+ {[#]} Ke6 $1 {[%csl Gf2][%cal Rf1g1]} 58. Qe4+ Kd6 {[%csl Gf2][%cal Rf1g1]} 59. Qf4+ Kc5 {[%csl Gf2][%cal Rf1g1]} 60. Qe5+ Kxc4 {[%csl Gf2][%cal Rf1g1]} 61. Qe4+ Kb5 {[%csl Gf2][%cal Rf1g1] Black used his chance.  Weighted Error Value: White=0.44/Black=0.07} 0-1

[Event "FIDE Candidates 2020"]
[Site "Yekaterinburg"]
[Date "2021.04.26"]
[Round "13.4"]
[White "Grischuk, Alexander"]
[Black "Giri, Anish"]
[Result "1-0"]
[WhiteElo "2777"]
[BlackElo "2776"]
[Annotator "TA"]
[PlyCount "101"]
[EventDate "2020.03.17"]
[EventType "tourn"]
[EventCountry "RUS"]
[SourceTitle "playchess.com"]
[Source "ChessBase"]
[SourceQuality "1"]

{[%evp 21,101,25,18,31,30,26,28,18,36,46,43,35,43,37,44,43,33,34,50,2,29,21,39,39,39,39,45,39,47,47,46,53,93,52,98,101,147,133,309,280,524,490,458,421,387,393,532,489,467,471,509,447,443,443,425,395,481,479,450,437,1244,1102,1065,1087,1420,1249,1391,930,1341,1272,1408,1440,1276,1261,1028,1100,1046,992,1816,1808,1629,1567]} 1. d4 Nf6 2. c4 e6 3. Nf3 b6 4. g3 Bb7 5. Bg2 Bb4+ 6. Bd2 c5 7. Bxb4 cxb4 8. O-O O-O 9. Nbd2 d6 10. Qb3 a5 11. a3 Na6 12. Rfd1 {E16: Queen's Indian: 4 g3 Bb7 5 Bg2 Bb4+.} Qe7 13. Ne1 Bxg2 {[#]} 14. Kxg2 $5 $146 {[%mdl 8] White has an edge. An interesting novelty.} ({Predecessor:} 14. Nxg2 e5 15. Nf3 e4 16. Nfh4 Qd7 17. Ne3 Rfc8 18. Rac1 g6 19. Nhg2 b5 20. Nf4 a4 21. Qa2 bxc4 22. Nxc4 {0-1 (62) Reis,C (2408)-Dieguez Vera,C (2466) ICCF email 2013}) 14... h5 15. Nc2 {[%cal Ra3b4]} bxa3 16. bxa3 ({Don't play} 16. Qxb6 Rfb8 $15) 16... Rab8 17. e4 e5 18. Qd3 Nc7 19. Rab1 Ne6 20. Rb5 Rfe8 (20... h4 $5) 21. h4 g6 22. f3 Nd7 23. Nf1 {[%cal Bd2f1,Bf1e3,Be3f5][%mdl 32]} exd4 24. Nxd4 Ne5 25. Qe2 Nxd4 26. Rxd4 Nc6 27. Rd1 Qe6 28. Ne3 Ne7 29. Qd2 f5 $2 {[#] Black cannot hold the game after this.} (29... Nc6 $16 {was worth a try.} 30. Qxd6 Red8 31. Qxe6 fxe6) 30. Qxd6 Nc6 $2 (30... Qxd6 31. Rxd6 fxe4 32. fxe4 Kf7) 31. exf5 gxf5 32. Qxe6+ Rxe6 33. Nxf5 Ne5 34. Rd6 Ree8 35. Rd4 Nc6 36. Rd2 Rbd8 37. Rxd8 Rxd8 38. Rd5 {[#] aiming for Ne7+!} Rxd5 39. cxd5 $18 {[%mdl 4096] Endgame KN-KN. White is clearly winning.} Ne5 40. Nd6 Kf8 (40... Nd7 $142 41. Ne4 b5) 41. Kf2 Ke7 42. Nb5 Kf6 43. Ke3 Kf5 44. Nd6+ Kf6 45. Ke4 Nd7 46. Kd4 Ke7 47. Nb5 Kf6 48. Nc3 Kf5 49. Ne4 Kg6 50. g4 b5 51. Nc5 {Weighted Error Value: White=0.14/Black=0.36} 1-0

[Event "FIDE Candidates 2020"]
[Site "Yekaterinburg"]
[Date "2021.04.27"]
[Round "14.1"]
[White "Caruana, Fabiano"]
[Black "Grischuk, Alexander"]
[Result "1/2-1/2"]
[WhiteElo "2820"]
[BlackElo "2777"]
[Annotator "TA"]
[PlyCount "129"]
[EventDate "2020.03.17"]
[EventType "tourn"]
[EventCountry "RUS"]
[SourceTitle "playchess.com"]
[Source "ChessBase"]
[SourceQuality "1"]

{[%evp 9,129,16,22,5,5,6,18,2,0,-20,-34,-20,-14,-15,-18,-18,-12,-16,18,5,3,0,9,0,0,0,0,0,0,0,0,0,0,0,0,0,0,0,0,0,0,0,0,0,0,0,0,0,0,0,0,0,0,0,0,0,0,0,0,-16,0,0,0,0,0,4,15,17,28,13,8,15,24,17,47,15,15,15,15,15,25,8,11,0,1,4,1,0,60,60,60,60,60,60,52,31,51,51,58,52,53,40,40,40,40,40,40,40,40,40,40,40,40,40,40,40,40,0,0,0,0,0]} 1. e4 c5 2. Nf3 e6 3. d4 cxd4 4. Nxd4 Nf6 5. Nc3 Nc6 6. Qd3 {B45: Sicilian Four Knights.} d5 {6...Qc7 is a critical line.} 7. exd5 Nb4 {[#]} 8. Qc4 $146 ({Predecessor:} 8. Qg3 Bc5 9. a3 Nbxd5 10. Ndb5 O-O 11. Bh6 Nh5 12. Qf3 Qf6 13. Qxf6 Nhxf6 14. Nxd5 exd5 {1-0 (62) Frolyanov,D (2546)-Safin,R (2287) Cheliabinsk 2020}) 8... Nbxd5 9. Bg5 Bb4 10. Bd3 Bd7 {[#] aiming for ...Rc8.} 11. O-O Bxc3 12. bxc3 Rc8 13. Qb3 Qb6 14. Qxb6 Nxb6 15. a4 h6 16. Bxf6 gxf6 17. Rfb1 {Threatens to win with a5.} Rc7 18. Nb5 (18. a5 {is more complex.} Nc8 19. c4 a6 20. Rb4 Ne7 21. Rab1) 18... Bxb5 19. axb5 Nc8 $1 20. Ra3 Ke7 21. Rb4 f5 22. g3 Kf6 23. f3 Rd8 24. Rd4 Rdd7 25. Kf2 b6 26. Ke3 Ne7 27. f4 Nd5+ 28. Kd2 Ke7 29. Be2 Rd6 {Black wants to play ...Nxc3.} 30. c4 Nf6 31. c3 Rd8 32. Bf3 Nd7 33. Ke3 Nc5 34. h3 f6 35. g4 fxg4 36. hxg4 Re8 37. Rd1 Kf8 38. Ra2 Kg7 39. Bc6 Rec8 40. Rd6 Kf7 41. f5 e5 42. Rad2 Ke7 43. Bf3 Rg8 44. Rd1 Rgc8 45. Be2 Kf7 46. Bf3 Ke7 47. R6d5 Na4 48. R1d2 e4 ({But not} 48... Rxc4 $6 49. Rd7+ Kf8 50. R2d6 $16) (48... Rg8 $11) 49. Bxe4 $14 Nxc3 50. R5d4 Nxe4 51. Rxe4+ {[%mdl 4096] Endgame KRR-KRR} Kf7 52. Rdd4 Re8 53. Kd3 Rxe4 54. Rxe4 {KR-KR} Re7 55. Rd4 Ke8 56. Kc3 Rd7 57. Rf4 Rh7 58. Rf1 h5 59. gxh5 Rxh5 60. Ra1 Kd8 61. Rxa7 {[#] Black must now prevent Rb7.} Kc8 62. Ra6 Kc7 63. c5 Rxf5 64. cxb6+ Kb7 65. Kb4 {Weighted Error Value: White=0.04/Black=0.04} 1/2-1/2

[Event "FIDE Candidates 2020"]
[Site "Yekaterinburg"]
[Date "2021.04.27"]
[Round "14.2"]
[White "Giri, Anish"]
[Black "Alekseenko, Kirill"]
[Result "0-1"]
[WhiteElo "2776"]
[BlackElo "2696"]
[Annotator "TA"]
[PlyCount "112"]
[EventDate "2020.03.17"]
[EventType "tourn"]
[EventCountry "RUS"]
[SourceTitle "playchess.com"]
[Source "ChessBase"]
[SourceQuality "1"]

{[%evp 13,112,14,12,14,20,20,16,0,0,0,0,0,0,0,0,0,7,-13,0,0,-3,-11,-1,0,0,0,0,0,0,0,0,-21,-21,-11,-16,-27,-18,-21,-25,-59,-14,-24,-6,-26,-14,-23,0,-23,0,-29,0,-71,-71,-60,-65,-53,-66,-13,0,0,0,-59,-69,-145,-60,-87,-79,-191,-199,-183,-216,-209,-206,-244,-73,-75,-65,-65,-65,-65,-65,-99,-58,-122,-116,-397,-365,-713,-571,-1223,-682,-29970,-29971,-29975,-29976,-11144,-6610,-29995,-29996,-29996,-29990]} 1. c4 Nf6 2. g3 e6 3. Bg2 d5 4. d4 Bb4+ 5. Nd2 O-O 6. Ngf3 b6 $1 {6...b6 is better than 6...dxc4.} 7. O-O Bb7 8. b3 {E16: Queen's Indian: 4 g3 Bb7 5 Bg2 Bb4+.} Re8 $5 {[%mdl 4] Leaves trodden paths.} 9. Bb2 Nbd7 10. Qc2 {The position is equal.} Rc8 11. Rad1 c5 12. Qb1 {[#]} Qe7 $146 ({Predecessor:} 12... Qc7 13. dxc5 bxc5 14. e3 Ba6 15. a3 Bxd2 16. Nxd2 dxc4 17. Nxc4 Bxc4 18. bxc4 Nb6 {½-½ (54) Naumkin,I (2463)-Sandipan,C (2618) Benasque 2012}) 13. dxc5 Nxc5 14. cxd5 Bxd5 15. Ne5 Bxg2 16. Kxg2 Qb7+ 17. Kg1 b5 18. Nef3 Red8 19. a3 Bxd2 20. Bxf6 gxf6 21. Nxd2 Kg7 22. Nf3 Ne4 23. Rxd8 Rxd8 24. Qb2 a5 25. b4 a4 26. Rc1 Qd5 27. Qc2 Rd7 28. Kg2 Qb7 29. Kg1 Rd8 30. Kg2 Rd7 31. Kg1 Rd6 32. Kg2 (32. Rd1 $11) 32... Nd2 $17 33. Rd1 Nc4 34. Rxd6 Nxd6 35. Qd3 Nc4 36. e4 Qc6 37. g4 (37. Kf1 $11) 37... Qc7 $15 38. Nd2 (38. Nd4 $15) 38... Ne5 (38... Qf4 $17 39. Nxc4 bxc4) 39. Qe3 $1 h6 40. f4 (40. h4 $17 {was worth a try.}) 40... Nxg4 $19 41. Qg3 f5 42. Kf1 {[#]} h5 $1 {[%cal Rh5h4]} 43. Ke2 {[#]} Qb6 $2 (43... e5 $1 $19 {...fxe4 is the strong threat.} 44. fxe5 fxe4 45. Nxe4 Qc4+ 46. Kf3 Qf1+ 47. Nf2 Kg6) 44. h3 $17 {[%mdl 64] [#] Pin} h4 $1 {[%cal Rh4g3]} 45. Qc3+ (45. Qf3 Nf6) 45... Nf6 {White must now prevent ...Qg1.} 46. exf5 exf5 47. Nf3 Qe6+ 48. Kd2 (48. Qe3 $15) 48... Qd5+ 49. Qd3 $2 {[%mdl 8192] This move loses the game for White.} (49. Ke2 $17) 49... Ne4+ $19 50. Ke3 $2 (50. Kc2 Qa2+ 51. Kc1 Qa1+ 52. Kc2) 50... Qa2 {[%csl Ge4][%cal Ra2f2]} 51. Kd4 f6 52. Qf1 Qxa3 53. Kd5 Qxb4 {[%csl Ge4][%cal Rb4d6]} 54. Qg1+ Kf8 {[%csl Ge4][%cal Rb4d6]} 55. Ke6 Qe7+ 56. Kxf5 Ng3+ {Weighted Error Value: White=0.54/Black=0.21} 0-1

[Event "FIDE Candidates 2020"]
[Site "Yekaterinburg"]
[Date "2021.04.27"]
[Round "14.3"]
[White "Ding, Liren"]
[Black "Nepomniachtchi, Ian"]
[Result "1-0"]
[WhiteElo "2791"]
[BlackElo "2789"]
[Annotator "TA"]
[PlyCount "69"]
[EventDate "2020.03.17"]
[EventType "tourn"]
[EventCountry "RUS"]
[SourceTitle "playchess.com"]
[Source "ChessBase"]
[SourceQuality "1"]

{[%evp 9,69,33,41,7,12,22,6,24,22,23,17,18,14,17,29,0,18,0,0,0,37,45,52,43,46,33,49,45,116,100,132,153,152,141,145,144,120,134,124,147,171,152,250,245,312,307,300,292,407,370,403,401,416,414,397,406,443,442,599,578,537,521]} 1. d4 Nf6 2. c4 g6 3. f3 e6 4. e4 c5 5. d5 d6 (5... Nxe4 $2 6. fxe4 Qh4+ 7. Ke2 $18) 6. Bd3 {E60: King's Indian: Unusual lines and Fianchetto Variation without Nc3.} (6. Nc3 exd5 7. cxd5 Bg7 8. Nge2 O-O 9. Ng3 a6 10. a4 Nbd7 11. Be2 Ne8 12. O-O Rb8 13. Re1 Bd4+ 14. Kh1 Qh4 15. Rf1 Ne5 16. f4 Ng4 17. Bxg4 Bxg4 18. Qe1 Nf6 19. e5 {0-1 (42) Ding,L (2811)-Nepomniachtchi,I (2776) chess.com INT 2019}) 6... Bg7 7. Ne2 exd5 8. cxd5 {The position is equal.} Nbd7 {[#]} 9. Nec3 $146 ({Predecessor:} 9. a4 O-O 10. O-O Ne5 11. Bc2 a6 12. Nd2 Re8 13. b3 Rb8 14. Bb2 Nh5 15. Ra2 {0-1 (41) Ugrinovsky,A (2084)-Franzen,T (2278) ICCF email 2017}) 9... a6 10. a4 Nh5 11. O-O Bd4+ 12. Kh1 Ne5 13. Ne2 Qh4 14. Nxd4 Nxd3 15. Qxd3 {Ne2 is the strong threat.} Ng3+ {[%mdl 64] Double Attack} 16. Kg1 Nxf1 17. Nc2 ({Much weaker is} 17. Kxf1 cxd4 18. Qxd4 O-O $11) 17... Nxh2 18. Qe3 O-O {Black is now going downhill.} (18... g5 $14) 19. Qg5 $1 $16 {[%cal Rg5h4]} Nxf3+ 20. gxf3 Qh3 {[#]} 21. Bf4 $1 Qxf3 {White must now prevent ...Qd1+.} 22. Nd2 f6 {[#]} 23. Qxg6+ {[%mdl 512]} hxg6 24. Nxf3 Bg4 {[#]} 25. Nd2 {[%mdl 1024] White has strong compensation.} Be2 (25... Rad8 $16 {keeps fighting.} 26. Ne3 Be2) 26. Kf2 $18 ({But not} 26. Bxd6 $6 Rfe8) 26... Bd3 27. Ne1 c4 28. Bxd6 Rfe8 29. Nxd3 cxd3 30. Bc7 Kf7 31. Ra3 Rac8 32. d6 Ke6 33. Rxd3 {White is clearly winning.} Kd7 34. Nc4 {Strongly threatening Nb6+.} Rxc7 35. Nb6+ {Weighted Error Value: White=0.02/Black=0.24} 1-0